Lazarillo de Tormes (Registro nro. 26306)

Detalles MARC
000 -CABECERA
Longitud fija campo de control 00597nam a2200217 b 4500
001 - NÚMERO DE CONTROL
Número de control bimo0001393109
003 - IDENTIFICADOR DELl NÚMERO DE CONTROL
Identificador del número de control OSt
005 - FECHA Y HORA DE LA ÚLTIMA TRANSACCIÓN
Fecha y hora de la última transacción 20180406093321.0
008 - CÓDIGOS DE INFORMACIÓN DE LONGITUD FIJA
Códigos de información de longitud fija 991108s1955 cl | ||| ||spa
040 ## - FUENTE DE LA CATALOGACIÓN
Centro transcriptor CRI
Centro catalogador de origen BMC
082 ## - NÚMERO DE LA CLASIFICACIÓN DECIMAL DEWEY
Númeroo de clasificación 863.83
100 1# - PUNTO DE ACCESO PRINCIPAL-NOMBRE DE PERSONA
9 (RLIN) 42435
Nombre de persona Hurtado de Mendoza, Diego
Fechas asociadas al nombre 1503-1575‏
130 00 - PUNTO DE ACCESO PRINCIPAL-TÍTULO UNIFORME
9 (RLIN) 130
Título uniforme Lazarillo de Tormes
245 10 - MENCIÓN DE TÍTULO
Título Lazarillo de Tormes
Mención de responsabilidad, etc. ANONIMO
250 ## - MENCIÓN DE EDICIÓN
Mención de edición 25ª ed
260 0# - PUBLICACIÓN, DISTRIBUCIÓN, ETC. (PIE DE IMPRENTA)
Lugar de publicación, distribución, etc. Madrid
Nombre del editor, distribuidor, etc. Espasa-Calpe
Fecha de publicación, distribución, etc. 1977
300 ## - DESCRIPCIÓN FÍSICA
Extensión 95 p.
Dimensiones 16 cm
500 ## - NOTA GENERAL
Nota general Índice: p. [95]
650 #0 - PUNTO DE ACCESO ADICIONAL DE MATERIA - TÉRMINO DE MATERIA
9 (RLIN) 332
Término de materia o nombre geográfico como elemento inicial Novela española
Subdivisión de forma Antologías
942 ## - ENTRADA DE ELEMENTOS AGREGADOS (KOHA)
Fuente de clasificaión o esquema Dewey Decimal Classification
Koha [por defecto] tipo de item 1- Monografias
Parte de clasificación prozim
Existencias
Suprimido Perdido Fuente de clasificación o esquema Estropeado Restricciones de uso No para préstamo Código de colección Localización permanente Localización actual Localización en estanter&íacute;as Fecha adquisición Fuente de adquisición Número de inventario Préstamos totales Signatura completa Código de barras Fecha última consulta Fecha último préstamo Fecha del precio de reemplazo Tipo de item de Koha
NULL NULL Dewey Decimal Classification NULL Prestable NULL NULL Biblioteca Centro Regional de Ilobasco Biblioteca Centro Regional de Ilobasco Sala Principal 10/04/2010 UNICAES LI002404 2 N LAZ 1039053 10/03/2025 15/01/2025 20/10/2016 1- Monografias